000 01785nam0a2200361 i 4500
001 RU\NLR\BIBL_A\011376238
005 20241103022643.0
010 _a9785994005736
_9300
021 _aRU
_b2017-23258
_91724
035 _a(RuMoRGB)008842541
035 _a(NLR Aleph) 011376238
090 _a11378990
_c11378990
100 _a20170428d2016 km y0rusy50 ca
101 0 _arus
_deng
102 _aRU
105 _aac||0|||000zy
200 1 _aПрерывистый тренд развития структурализма: альтернативная традиция экономического анализа
_e[научный доклад]
_fП. А. Ореховский
210 _aМосква
_cИнститут экономики
_d2016
215 _a44, [1] с.
_cил., портр.
_d24
225 1 _aНаучные доклады Института экономики РАН
_fРоссийская академия наук, Институт экономики
300 _aВ конце кн. авт.: П.А. Ореховский - проф., д.э.н.
300 _aРез. на англ. яз.
320 _aБиблиогр. в конце кн. и в подстроч. примеч. (48 назв.)
606 _aЭкономическая динамика
_xТеории
_92000048
_3RU\NLR\AUTH\661204171
606 1 _aЭкономическая динамика
_xМоделирование
_91412785
_3RU\NLR\AUTH\66595458
686 _aУ018.527.11,0
_2rubbk
686 1 _aУ010.2
686 1 _aУ5-961-31в611
700 1 _7ca
_8rus
_aОреховский
_bП. А.
_f1960-
_gПетр Александрович
_9138395
_3RU\NLR\AUTH\770138430
942 _cBOOK
980 _aNBR